[Event "IECG CE.2002.0.00043 email"]
[Site "IECG email"]
[Date "2002.12.27"]
[Round "?"]
[White "Sawyer, Wes"]
[Black "Rossetti, Mario"]
[Result "0-1"]
[WhiteElo "1300"]
[BlackElo "1229"]
[PlyCount "80"]
[EventDate "2002.12.27"]
[EventType "tourn (corr)"]
[EventRounds "6"]
[SourceTitle "Corr 2008"]
[Source "ChessBase"]
[SourceDate "2008.06.24"]
[SourceVersion "1"]
[SourceVersionDate "2008.06.24"]
[SourceQuality "1"]

1. e4 c5 2. Nf3 d6 3. d4 cxd4 4. Nxd4 Nf6 5. Nc3 a6 6. Be3 e5 7. Nf3 h6 8. Bc4 Nc6 9. a3 b5 10. Ba2 Be7 11. Qd3 0-0 12. Nd5 Rb8 13. 0-0 Nxd5 14. Bxd5 Bd7 15. c3 Qc7 16. b4 Bf6 17. a4 Ne7 18. Rfd1 bxa4 19. Qxa6 Nxd5 20. Rxd5 Qxc3 21. Rdd1 Rfd8 22. Qxd6 Bf5 23. Bd2 Qxa1 24. Qxd8+ Rxd8 25. Rxa1 Bxe4 26. Bc3 Bxf3 27. gxf3 Rd3 28. Rc1 a3 29. Kg2 a2 30. Ba1 Rd2 31. b5 Bd8 32. Bxe5 Bb6 33. Rc8+ Kh7 34. Ra8 Bxf2 35. Kh3 h5 36. Ra4 g5 37. Bf6 Be3 38. Be5 f6 39. Bc7 f5 40. Be5 Bg1 0-1